| 000 | 00355nam a2200121Ia 4500 | ||
|---|---|---|---|
| 008 | 250327s9999 xx 000 0 und d | ||
| 020 | _a9781544395876 | ||
| 082 |
_bVAN _aCQR |
||
| 100 |
_aCHARLES VANOVER, PAUL MIHAS, & JOHNNY SALDANA _934510 |
||
| 245 | 0 | _aANALYZING AND INTERPRETING QUALITATIVE RESEARCH: AFTER THE INTERVIEW | |
| 260 | _bSAGE | ||
| 942 | _cBK | ||
| 999 |
_c7305 _d7305 |
||